| 000 | 00753nam a2200217Ia 4500 | ||
|---|---|---|---|
| 003 | GCL | ||
| 008 | 140319s9999 xx 000 0 ara d | ||
| 040 |
_aGCL / _cGCL |
||
| 082 | 0 | 4 |
_a953.071 _bح م |
| 100 | 1 | _aحمدى عبدالمنعم محمد حسين | |
| 245 | 1 | 0 |
_aمدينة سلا فى العصر الاسلامى دراسة فى التاريخ السياسى والحضارى / _cحمدى عبدالمنعم محمد حسين |
| 260 |
_a[S.N] : _bمؤسسة شباب الجامعة ، _c1993 |
||
| 300 | _a97 ص | ||
| 490 | _a | ||
| 650 | 0 | 4 | _aالاندلس |
| 650 | 0 | 4 | _aالتاريخ الاسلامى |
| 650 | 0 | 4 | _aالعرب فى اسبانيا |
| 650 | 0 | 4 | _aالمرابطون |
| 650 | 0 | 4 | _aالموحدون |
| 942 |
_2ddc _cBK |
||
| 999 |
_c31199 _d31199 |
||